000 00394cam a22001457a 4500
008 180718b1957 xxu||||| |||| 00| 0 eng d
082 _aN1208x73 B227
100 _aBanning, K.
245 _aWest point today
_cby Banning K. and A.C.M. Azoy
250 _arev. ed.
260 _aNew York
_bCoward-McCann
_c1957
300 _a256p.
650 _aMilitary education - USA
700 _aAzoy, A.C.M.
999 _c358988
_d358988